[Event "CHN-ch (Women)"]
[Site "Xinghua"]
[Date "2025.07.03"]
[Round "11"]
[White "Guo, Weibao"]
[Black "Pian, Junyao"]
[Result "1/2-1/2"]
[WhiteElo "1863"]
[BlackElo "1855"]
[PlyCount "60"]
[EventDate "2025.06.23"]
[EventType "swiss"]
[EventRounds "11"]
[EventCountry "CHN"]
[SourceTitle "CB28_2025"]
[SourceDate "2025.07.09"]
[SourceVersion "1"]
[SourceVersionDate "2025.07.09"]
[SourceQuality "1"]

1. d4 Nf6 2. Bg5 d5 3. e3 c5 4. Bxf6 exf6 5. dxc5 Bxc5 6. Nc3 Be6 7. Qd2 Nc6 8. Bb5 0-0 9. Nge2 a6 10. Bxc6 bxc6 11. 0-0 a5 12. Na4 Ba7 13. Nd4 c5 14. Nb5 Bd7 15. Nac3 Bc6 16. Rfd1 Bb6 17. a4 Bxb5 18. Nxb5 d4 19. exd4 cxd4 20. Nxd4 Qd5 21. Ra3 Rad8 22. Rd3 Qa2 23. c3 Qxa4 24. h3 h6 25. Re1 Rfe8 26. Rxe8+ Rxe8 27. Rg3 Qa1+ 28. Kh2 Bc7 29. f4 Re1 30. Rf3 Rh1+ 1/2-1/2

[Event "CHN-ch (Women)"]
[Site "Xinghua"]
[Date "2025.06.30"]
[Round "8"]
[White "Guo, Weibao"]
[Black "Chen, Jinyan"]
[Result "1/2-1/2"]
[WhiteElo "1863"]
[BlackElo "1769"]
[PlyCount "61"]
[EventDate "2025.06.23"]
[EventType "swiss"]
[EventRounds "11"]
[EventCountry "CHN"]
[SourceTitle "CB28_2025"]
[SourceDate "2025.07.09"]
[SourceVersion "1"]
[SourceVersionDate "2025.07.09"]
[SourceQuality "1"]

1. d4 Nf6 2. Nf3 e6 3. Bg5 d5 4. Nbd2 Be7 5. e3 h6 6. Bh4 b6 7. Ne5 Bb7 8. Bb5+ c6 9. Bd3 0-0 10. 0-0 Nbd7 11. f4 c5 12. c3 Ne4 13. Bxe7 Qxe7 14. Qc2 Nd6 15. Nxd7 Qxd7 16. Nf3 c4 17. Be2 b5 18. Ne5 Qe8 19. Bh5 a5 20. Bg4 g6 21. Bd1 Kg7 22. Rf3 Ne4 23. Rh3 h5 24. Qe2 f6 25. Nf3 Bc8 26. Rh4 Rh8 27. Bc2 Qe7 28. Bxe4 dxe4 29. Nd2 f5 30. Rh3 Ba6 31. Rg3 1/2-1/2

[Event "CHN-ch (Women)"]
[Site "Xinghua"]
[Date "2025.06.27"]
[Round "5"]
[White "Mu, Wangxueyao"]
[Black "Guo, Weibao"]
[Result "0-1"]
[WhiteElo "1931"]
[BlackElo "1863"]
[PlyCount "88"]
[EventDate "2025.06.23"]
[EventType "swiss"]
[EventRounds "11"]
[EventCountry "CHN"]
[SourceTitle "CB28_2025"]
[SourceDate "2025.07.09"]
[SourceVersion "1"]
[SourceVersionDate "2025.07.09"]
[SourceQuality "1"]

1. c4 e6 2. Nf3 Nf6 3. Nc3 c5 4. e3 Nc6 5. d4 d5 6. cxd5 exd5 7. Bb5 Bd6 8. dxc5 Bxc5 9. 0-0 0-0 10. b3 a6 11. Bxc6 bxc6 12. Bb2 Bd6 13. Rc1 Re8 14. Na4 Bd7 15. Nc5 Ne4 16. Qd4 f6 17. Nxd7 Qxd7 18. Rc2 a5 19. Rfc1 Qf7 20. Qd3 c5 21. Rd1 Rad8 22. g3 Bf8 23. Rdc1 Qh5 24. Kg2 Qf5 25. Qb5 Ra8 26. Ba3 Reb8 27. Qa4 Qe6 28. Nd2 Nxd2 29. Rxd2 c4 30. bxc4 Bxa3 31. Qxa3 dxc4 32. Rd4 Rb4 33. Kg1 h6 34. h4 Qc6 35. e4 Qb5 36. Qc3 Rc8 37. Rd5 Qb6 38. Rc2 Re8 39. Rd4 Rc8 40. Rcd2 Kh7 41. Rd7 Qe6 42. R2d4 Qh3 43. Rd1 Qg4 44. Qxf6 Qxd1+ 0-1

[Event "CHN-ch (Women)"]
[Site "Xinghua"]
[Date "2025.06.25"]
[Round "3"]
[White "Wang, Hanchen"]
[Black "Guo, Weibao"]
[Result "1/2-1/2"]
[WhiteElo "1721"]
[BlackElo "1863"]
[PlyCount "60"]
[EventDate "2025.06.23"]
[EventType "swiss"]
[EventRounds "11"]
[EventCountry "CHN"]
[SourceTitle "CB28_2025"]
[SourceDate "2025.07.09"]
[SourceVersion "1"]
[SourceVersionDate "2025.07.09"]
[SourceQuality "1"]

1. c4 e6 2. d4 b6 3. Nf3 Bb7 4. g3 Nf6 5. Bg2 Bb4+ 6. Bd2 Be7 7. Nc3 Ne4 8. d5 Nxd2 9. Qxd2 a5 10. 0-0 0-0 11. e4 Na6 12. Rad1 Nc5 13. Nd4 e5 14. Nde2 a4 15. Qc2 a3 16. Nb5 axb2 17. Qxb2 d6 18. Nec3 Bc8 19. Qe2 Bd7 20. Rb1 Qc8 21. f4 exf4 22. Rxf4 Bg5 23. Rf2 Bg4 24. Bf3 Bd7 25. Rbf1 Bh3 26. Bg2 Bg4 27. Bf3 Bh3 28. Bg2 Bg4 29. Bf3 Bh3 30. Bg2 Bg4 1/2-1/2

[Event "CHN-chT (Women)"]
[Site "Hebei"]
[Date "2025.05.03"]
[Round "9.12"]
[White "Guo, Weibao"]
[Black "Yang, Yijing"]
[Result "1/2-1/2"]
[WhiteElo "1859"]
[BlackElo "2085"]
[PlyCount "61"]
[EventDate "2025.04.25"]
[EventType "team-swiss"]
[EventRounds "9"]
[EventCountry "CHN"]
[SourceTitle "CB20_2025"]
[SourceDate "2025.05.14"]
[SourceVersion "1"]
[SourceVersionDate "2025.05.14"]
[SourceQuality "1"]
[WhiteTeam "Beijing (W)"]
[BlackTeam "Hebei (W)"]
[WhiteTeamCountry "CHN"]
[BlackTeamCountry "CHN"]

1. Nf3 Nf6 2. d4 d5 3. e3 c5 4. dxc5 Qa5+ 5. Qd2 Qxc5 6. Qc3 Nbd7 7. Qxc5 Nxc5 8. b3 a6 9. Ba3 b6 10. Nbd2 Bf5 11. Bxc5 bxc5 12. c4 e6 13. Nh4 Be4 14. f3 Bg6 15. Nxg6 hxg6 16. Kf2 Bd6 17. g3 g5 18. Rc1 Kd7 19. cxd5 exd5 20. Bd3 Rhe8 21. Rhe1 Re7 22. e4 dxe4 23. Nxe4 Nxe4+ 24. Rxe4 Rxe4 25. Bxe4 Rh8 26. Kg2 a5 27. Bd5 f6 28. Rc4 Re8 29. Re4 Rxe4 30. Bxe4 Ke6 31. g4 1/2-1/2

[Event "CHN-chT (Women)"]
[Site "Hebei"]
[Date "2025.05.01"]
[Round "7.14"]
[White "Guo, Weibao"]
[Black "Lin, Yingge"]
[Result "1-0"]
[WhiteElo "1859"]
[BlackElo "1589"]
[PlyCount "139"]
[EventDate "2025.04.25"]
[EventType "team-swiss"]
[EventRounds "9"]
[EventCountry "CHN"]
[SourceTitle "CB20_2025"]
[SourceDate "2025.05.14"]
[SourceVersion "1"]
[SourceVersionDate "2025.05.14"]
[SourceQuality "1"]
[WhiteTeam "Beijing (W)"]
[BlackTeam "Shenzhen (W)"]
[WhiteTeamCountry "CHN"]
[BlackTeamCountry "CHN"]

1. Nf3 d5 2. d4 c5 3. e3 Nc6 4. Nbd2 Bg4 5. h3 Bh5 6. c3 e6 7. Qa4 Bd6 8. dxc5 Bxc5 9. b4 Bb6 10. Bb2 Nge7 11. Bd3 0-0 12. 0-0 Bg6 13. Bxg6 Nxg6 14. c4 a5 15. b5 Nce7 16. Rfd1 Rc8 17. Rac1 Rc7 18. Ba3 Bc5 19. Bxc5 Rxc5 20. Nb3 Rc8 21. c5 Ra8 22. Rd2 Qc7 23. Rdc2 Rfc8 24. Nbd4 b6 25. cxb6 Qxb6 26. Rxc8+ Rxc8 27. Rxc8+ Nxc8 28. Nc6 Na7 29. Nxa7 Qxa7 30. Qc2 h6 31. Qc6 Ne7 32. Qe8+ Kh7 33. Qxf7 Qc5 34. Qxe6 Ng6 35. Qc6 Qxc6 36. bxc6 Ne7 37. c7 Kg8 38. Ne5 Nc8 39. Nc6 Kf8 40. Nxa5 Ke7 41. Nc6+ Kd7 42. Nd4 g6 43. Kh2 Kxc7 44. Ne6+ Kb6 45. Nf4 Ne7 46. Nd3 Ka5 47. Kg3 Ka4 48. Kf4 Nc6 49. Ne5 Ne7 50. Nf7 h5 51. Ke5 Ka3 52. Ke6 Nf5 53. Kxd5 Kxa2 54. e4 Ne7+ 55. Kd6 Ng8 56. e5 Kb2 57. e6 Kc2 58. e7 Nf6 59. Ke6 Ne8 60. Nd6 Nc7+ 61. Kd7 Nd5 62. e8Q Nf6+ 63. Ke6 Nxe8 64. Nxe8 Kd2 65. Kf6 Ke2 66. Kxg6 h4 67. Kg5 Kxf2 68. Kxh4 Kxg2 69. Kg4 Kf2 70. h4 1-0

[Event "China zt 3.5 (Women)"]
[Site "Jiangxi"]
[Date "2025.03.27"]
[Round "6"]
[White "Du, Yuxin"]
[Black "Guo, Weibao"]
[Result "1/2-1/2"]
[WhiteElo "2014"]
[BlackElo "1859"]
[PlyCount "50"]
[EventDate "2025.03.22"]
[EventType "swiss"]
[EventRounds "9"]
[EventCountry "CHN"]
[SourceTitle "CB14_2025"]
[SourceDate "2024.11.01"]
[SourceVersion "1"]
[SourceVersionDate "2024.11.01"]
[SourceQuality "1"]

1. e4 e6 2. d4 d5 3. Nd2 Nf6 4. e5 Nfd7 5. Bd3 c5 6. c3 Nc6 7. Ne2 Qb6 8. Nf3 cxd4 9. cxd4 f6 10. exf6 Nxf6 11. 0-0 Bd6 12. Re1 0-0 13. Nc3 Bd7 14. Bg5 Kh8 15. Ne5 Be8 16. Nxc6 Qxc6 17. Qe2 Bh5 18. f3 Bf7 19. Qf2 Bg8 20. Qh4 a6 21. Kh1 Rae8 22. Rac1 Qd7 23. f4 h6 24. Bxf6 Rxf6 25. g3 Ref8 1/2-1/2

[Event "China zt 3.5 (Women)"]
[Site "Jiangxi"]
[Date "2025.03.23"]
[Round "2"]
[White "Guo, Weibao"]
[Black "Zhao, Yunqing"]
[Result "0-1"]
[WhiteElo "1859"]
[BlackElo "2145"]
[PlyCount "66"]
[EventDate "2025.03.22"]
[EventType "swiss"]
[EventRounds "9"]
[EventCountry "CHN"]
[SourceTitle "CB14_2025"]
[SourceDate "2024.11.01"]
[SourceVersion "1"]
[SourceVersionDate "2024.11.01"]
[SourceQuality "1"]

1. d4 Nf6 2. c4 c5 3. e3 cxd4 4. exd4 d5 5. Nf3 Nc6 6. Nc3 Bg4 7. Be3 e6 8. c5 Be7 9. Bb5 0-0 10. h3 Bxf3 11. Qxf3 a6 12. Bxc6 bxc6 13. 0-0 Nd7 14. b4 e5 15. Rfd1 Rb8 16. Rab1 Bf6 17. Ne2 Rb7 18. Rb3 Re8 19. Qg4 g6 20. Ng3 Bg7 21. dxe5 Nxe5 22. Qf4 Nc4 23. Bd4 Qb8 24. Qg4 Bxd4 25. Rxd4 Rxb4 26. Qd7 Rxb3 27. axb3 Ne5 28. Qd6 Qxb3 29. Kh2 Qb2 30. Rf4 Qb8 31. Qf6 Qd8 32. Nh5 gxh5 33. Qh6 Ng4+ 0-1

[Event "Shenzhen Guangming"]
[Site "Shenzhen"]
[Date "2024.10.28"]
[Round "5"]
[White "Yi, Chenxu"]
[Black "Guo, Weibao"]
[Result "0-1"]
[WhiteElo "1596"]
[BlackElo "1850"]
[PlyCount "139"]
[EventDate "2024.10.26"]
[EventType "swiss"]
[EventRounds "9"]
[EventCountry "CHN"]
[SourceTitle "CB45_2024"]
[Source "ChessBase"]
[SourceDate "2024.11.06"]
[SourceVersion "1"]
[SourceVersionDate "2024.11.06"]
[SourceQuality "1"]

1. d4 e6 2. c4 b6 3. Nf3 Bb7 4. e3 f5 5. Be2 Nf6 6. Nbd2 Be7 7. b3 0-0 8. Bb2 Qe8 9. Qc2 Ne4 10. Bd3 Nxd2 11. Nxd2 Bxg2 12. Rg1 Bb7 13. 0-0-0 Bf6 14. e4 Nc6 15. e5 Nb4 16. Qb1 Bh4 17. f4 Bf2 18. Rgf1 Be3 19. Bc3 Qe7 20. Kb2 Bxd2 21. Rxd2 Nxd3+ 22. Qxd3 Be4 23. Qg3 c6 24. Ra1 a5 25. a3 b5 26. c5 b4 27. axb4 axb4 28. Bxb4 Rxa1 29. Kxa1 Ra8+ 30. Ra2 Qd8 31. Qf2 h6 32. Ra4 Rb8 33. Ba5 Qe8 34. Kb2 Qh5 35. Ra1 Bd5 36. b4 Ra8 37. Rg1 Qf3 38. Qxf3 Bxf3 39. Kc3 Kf7 40. h4 Bg4 41. Kb3 g5 42. hxg5 hxg5 43. fxg5 Kg6 44. Rh1 f4 45. Ka4 f3 46. Rf1 Kxg5 47. b5 cxb5+ 48. Kxb5 Kf4 49. Be1 Ke3 50. c6 dxc6+ 51. Kxc6 Ke2 52. Rg1 Bf5 53. Kd6 Ra1 54. d5 Rxe1 55. Rxe1+ Kxe1 56. dxe6 f2 57. e7 Bg6 58. Kd7 f1Q 59. e8Q Bxe8+ 60. Kxe8 Qf5 61. Ke7 Qxe5+ 62. Kd7 Qf6 63. Ke8 Qg7 64. Kd8 Qf7 65. Kc8 Qe7 66. Kb8 Qd7 67. Ka8 Kd2 68. Kb8 Kc3 69. Ka8 Kc4 70. Kb8 0-1

[Event "Binhai Cup-B 4th"]
[Site "Binhai"]
[Date "2024.08.19"]
[Round "3"]
[White "Jin, Muze"]
[Black "Guo, Weibao"]
[Result "1-0"]
[WhiteElo "1635"]
[BlackElo "1899"]
[PlyCount "79"]
[EventDate "2024.08.18"]
[EventType "swiss"]
[EventRounds "9"]
[EventCountry "CHN"]
[SourceTitle "CBM 221 Extra"]
[Source "ChessBase"]
[SourceDate "2024.09.30"]
[SourceVersion "1"]
[SourceVersionDate "2024.09.30"]
[SourceQuality "1"]

1. Nf3 d5 2. g3 Nf6 3. Bg2 e6 4. c4 d4 5. 0-0 c5 6. e3 Nc6 7. d3 Be7 8. exd4 cxd4 9. Re1 Nd7 10. Bf4 0-0 11. Na3 Bxa3 12. bxa3 Qe7 13. Bc1 Qd6 14. Nd2 Nc5 15. Ne4 Nxe4 16. Bxe4 Qc5 17. Rb1 a6 18. a4 Rb8 19. Qb3 a5 20. Qb5 Qxb5 21. axb5 Nb4 22. Ba3 Ra8 23. Re2 f5 24. Bf3 Ra7 25. Bxb4 axb4 26. Rxb4 Ra3 27. Rb3 Ra4 28. c5 Re8 29. c6 b6 30. Bg2 g5 31. f4 gxf4 32. gxf4 Kf7 33. Reb2 Rd8 34. Rc2 Ra7 35. Rb4 Rc7 36. Rcc4 e5 37. fxe5 Ke6 38. Rxd4 Rxd4 39. Rxd4 Kxe5 40. Rd8 1-0

[Event "Binhai Cup-B 4th"]
[Site "Binhai"]
[Date "2024.08.18"]
[Round "1"]
[White "Luo, Yichen"]
[Black "Guo, Weibao"]
[Result "1-0"]
[WhiteElo "1576"]
[BlackElo "1899"]
[PlyCount "81"]
[EventDate "2024.08.18"]
[EventType "swiss"]
[EventRounds "9"]
[EventCountry "CHN"]
[SourceTitle "CBM 221 Extra"]
[Source "ChessBase"]
[SourceDate "2024.09.30"]
[SourceVersion "1"]
[SourceVersionDate "2024.09.30"]
[SourceQuality "1"]

1. e4 e6 2. d4 d5 3. Nd2 dxe4 4. Nxe4 Nf6 5. Nxf6+ Qxf6 6. Nf3 h6 7. c3 Bd6 8. Bd3 Bd7 9. Qb3 b6 10. Be4 c6 11. Be3 Qd8 12. Ne5 Qc7 13. f4 a5 14. a4 0-0 15. 0-0 Ra7 16. Bb1 c5 17. Kh1 Nc6 18. Qc2 f5 19. Nxd7 Qxd7 20. dxc5 bxc5 21. Ba2 Kh8 22. Rad1 Qe7 23. Qd3 Rd8 24. Qc4 Rad7 25. Rfe1 Qh4 26. g3 Qh5 27. Kg2 e5 28. Bxc5 exf4 29. Bxd6 f3+ 30. Kf2 Qxh2+ 31. Kxf3 Ne5+ 32. Bxe5 Rxd1 33. Rxd1 Qh5+ 34. g4 Qh3+ 35. Kf2 Rf8 36. g5 f4 37. Bxg7+ Kxg7 38. gxh6+ Kxh6 39. Qe6+ Qxe6 40. Bxe6 Rb8 41. b3 1-0

[Event "CHN-chT Div-A"]
[Site "Fuling"]
[Date "2024.07.08"]
[Round "11.5"]
[White "Bai, Xue"]
[Black "Guo, Weibao"]
[Result "1/2-1/2"]
[WhiteElo "2114"]
[BlackElo "1900"]
[PlyCount "57"]
[EventDate "2024.06.26"]
[EventType "team-swiss"]
[EventRounds "11"]
[EventCountry "CHN"]
[SourceTitle "CBM 221 Extra"]
[Source "ChessBase"]
[SourceDate "2024.09.30"]
[SourceVersion "1"]
[SourceVersionDate "2024.09.30"]
[SourceQuality "1"]
[WhiteTeam "Zhejiang"]
[BlackTeam "Beijing"]
[WhiteTeamCountry "CHN"]
[BlackTeamCountry "CHN"]

1. Nf3 Nf6 2. g3 d5 3. Bg2 e6 4. c4 Be7 5. 0-0 0-0 6. d4 dxc4 7. Qc2 a6 8. a4 Bd7 9. Qxc4 Bc6 10. Bg5 Bd5 11. Qc2 Be4 12. Qc1 Nc6 13. Nbd2 Nxd4 14. Nxd4 Bxg2 15. Nxe6 Qd6 16. Kxg2 Qxe6 17. Nf3 Ne4 18. Bxe7 Qxe7 19. Rd1 c6 20. Ra3 Rfd8 21. Rad3 Rxd3 22. Rxd3 Rd8 23. Qd1 Rxd3 24. Qxd3 Nc5 25. Qd4 Ne6 26. Qd3 Nc5 27. Qd4 Ne6 28. Qd3 Nc5 29. Qd4 1/2-1/2

[Event "CHN-chT Div-A"]
[Site "Fuling"]
[Date "2024.07.07"]
[Round "10.5"]
[White "Guo, Weibao"]
[Black "Jiang, Tianyu"]
[Result "1/2-1/2"]
[WhiteElo "1900"]
[BlackElo "1995"]
[PlyCount "60"]
[EventDate "2024.06.26"]
[EventType "team-swiss"]
[EventRounds "11"]
[EventCountry "CHN"]
[SourceTitle "CBM 221 Extra"]
[Source "ChessBase"]
[SourceDate "2024.09.30"]
[SourceVersion "1"]
[SourceVersionDate "2024.09.30"]
[SourceQuality "1"]
[WhiteTeam "Beijing"]
[BlackTeam "Tianjin"]
[WhiteTeamCountry "CHN"]
[BlackTeamCountry "CHN"]

1. Nf3 d5 2. d4 Nf6 3. c4 c6 4. cxd5 cxd5 5. Nc3 Nc6 6. Bf4 Bf5 7. e3 e6 8. a3 Bd6 9. Bxd6 Qxd6 10. Bd3 Bxd3 11. Qxd3 0-0 12. 0-0 Rac8 13. Rac1 Na5 14. Rc2 Nc4 15. Rfc1 a6 16. Ne5 Nxe5 17. dxe5 Qxe5 18. Nxd5 Rxc2 19. Nxf6+ Qxf6 20. Qxc2 g6 21. Qc3 Qxc3 22. Rxc3 Rd8 23. g4 Rd7 24. Kg2 Kg7 25. h4 e5 26. Kf3 h5 27. gxh5 gxh5 28. Ke2 Kg6 29. f3 f6 30. e4 Kf7 1/2-1/2

[Event "CHN-ch Gp-B (Women)"]
[Site "Liaocheng"]
[Date "2024.04.21"]
[Round "1"]
[White "Ma, Yuchen"]
[Black "Guo, Weibao"]
[Result "0-1"]
[WhiteElo "1586"]
[BlackElo "1954"]
[PlyCount "76"]
[EventDate "2024.04.21"]
[EventType "swiss"]
[EventRounds "11"]
[EventCountry "CHN"]
[SourceTitle "CBM 219 Extra"]
[Source "ChessBase"]
[SourceDate "2024.05.31"]
[SourceVersion "1"]
[SourceVersionDate "2024.05.31"]
[SourceQuality "1"]

1. e4 e6 2. d4 d5 3. Nc3 Nf6 4. e5 Nfd7 5. Bd3 c5 6. Be3 Nc6 7. Bb5 cxd4 8. Bxd4 a6 9. Bxc6 bxc6 10. Nce2 c5 11. Bc3 d4 12. Bd2 Nxe5 13. Bf4 Ng6 14. Bg3 Bd6 15. Nf3 Bb7 16. Qd3 e5 17. Qf5 0-0 18. 0-0 Qc7 19. Nd2 Nf4 20. Bxf4 exf4 21. Nc4 f3 22. Ng3 fxg2 23. Rfe1 Bxg3 24. fxg3 Rae8 25. Ne5 Re6 26. Nd3 Rc6 27. Nf4 Rf6 28. Qg5 h6 29. Qg4 Qb6 30. Nd3 c4 31. h3 cxd3 32. cxd3 Qxb2 33. Qe2 Rf1+ 34. Rxf1 Qxe2 35. Rfe1 Qxd3 36. Rad1 Qxg3 37. Rxd4 Qxe1+ 38. Kh2 g1Q# 0-1

[Event "CHN-chT (Women)"]
[Site "Qingdao"]
[Date "2024.04.06"]
[Round "5.2"]
[White "Guo, Weibao"]
[Black "Shao, Qiyu"]
[Result "1/2-1/2"]
[WhiteElo "1954"]
[BlackElo "1764"]
[PlyCount "72"]
[EventDate "2024.04.02"]
[EventType "team-swiss"]
[EventRounds "9"]
[EventCountry "CHN"]
[SourceTitle "CBM 219 Extra"]
[Source "ChessBase"]
[SourceDate "2024.05.31"]
[SourceVersion "1"]
[SourceVersionDate "2024.05.31"]
[SourceQuality "1"]
[WhiteTeam "Beijing (W)"]
[BlackTeam "Qingdao (W)"]
[WhiteTeamCountry "CHN"]
[BlackTeamCountry "CHN"]

1. d4 Nf6 2. c4 e6 3. Nf3 b6 4. a3 Bb7 5. Nc3 d5 6. Qa4+ Qd7 7. Qxd7+ Nbxd7 8. cxd5 Nxd5 9. Nxd5 Bxd5 10. e3 Bd6 11. Bd3 c5 12. e4 Bb7 13. Be3 0-0 14. 0-0 Rac8 15. Rac1 h6 16. Rfd1 Rfd8 17. h3 a6 18. a4 cxd4 19. Rxc8 Rxc8 20. Bxd4 Bf4 21. b4 Nf6 22. Bxb6 Nxe4 23. Bxe4 Bxe4 24. Rd8+ Rxd8 25. Bxd8 Bc6 26. b5 Bxf3 27. gxf3 axb5 28. axb5 Kf8 29. Kf1 Ke8 30. Bb6 Kd7 31. Ke2 Bc7 32. Bc5 Bd6 33. Bb6 Bc7 34. Bc5 Bd6 35. Bb6 Bc7 36. Bc5 Bd6 1/2-1/2

[Event "Tianjin Binhai Cup-A 3rd"]
[Site "Tianjin"]
[Date "2023.08.25"]
[Round "9"]
[White "Hong, Xing"]
[Black "Guo, Weibao"]
[Result "0-1"]
[WhiteElo "1941"]
[BlackElo "1873"]
[PlyCount "72"]
[EventDate "2023.08.20"]
[EventType "swiss"]
[EventRounds "9"]
[EventCountry "CHN"]
[SourceTitle "CBM 215 Extra"]
[Source "ChessBase"]
[SourceDate "2023.09.30"]
[SourceVersion "1"]
[SourceVersionDate "2023.09.30"]
[SourceQuality "1"]

1. e4 e6 2. d3 d5 3. Nd2 Nf6 4. g3 dxe4 5. dxe4 Bc5 6. Bg2 0-0 7. Ngf3 Nc6 8. 0-0 e5 9. c3 a5 10. Qc2 b6 11. Nb3 Bd6 12. h3 a4 13. Nbd2 b5 14. Rd1 Be6 15. Ng5 Qc8 16. Qd3 Rb8 17. Nxe6 Qxe6 18. Nf1 Na5 19. Ne3 Bc5 20. Rb1 Qxa2 21. Nd5 Nxd5 22. exd5 f5 23. Be3 e4 24. Qe2 Bd6 25. f3 Qc4 26. Qf2 exf3 27. Bxf3 Rbe8 28. Rd4 Qa2 29. Re1 Nc4 30. Bh5 Rxe3 31. Rxe3 Nxe3 32. Qxe3 Bc5 33. Qe6+ Kh8 34. Bf7 Qb1+ 35. Kf2 Qxb2+ 36. Ke3 Qxc3+ 0-1

[Event "Tianjin Binhai Cup-A 3rd"]
[Site "Tianjin"]
[Date "2023.08.24"]
[Round "8"]
[White "Guo, Weibao"]
[Black "Gong, Sunle"]
[Result "0-1"]
[WhiteElo "1873"]
[BlackElo "2014"]
[PlyCount "100"]
[EventDate "2023.08.20"]
[EventType "swiss"]
[EventRounds "9"]
[EventCountry "CHN"]
[SourceTitle "CBM 215 Extra"]
[Source "ChessBase"]
[SourceDate "2023.09.30"]
[SourceVersion "1"]
[SourceVersionDate "2023.09.30"]
[SourceQuality "1"]

1. d4 d5 2. Nf3 Nf6 3. Bf4 Bf5 4. e3 e6 5. Nbd2 Bd6 6. Bxd6 Qxd6 7. c4 c6 8. Qb3 Qc7 9. Be2 0-0 10. 0-0 h6 11. Bd3 Ne4 12. Qc2 Nxd2 13. Nxd2 Bxd3 14. Qxd3 Nd7 15. Rac1 Rad8 16. Qc3 Nf6 17. Rfe1 h5 18. h3 h4 19. e4 dxc4 20. e5 Nd5 21. Qxc4 Ne7 22. Nf3 Nf5 23. Re4 Qb6 24. Qc3 Rd5 25. Nxh4 Rxd4 26. Nxf5 Rxe4 27. Ne7+ Kh8 28. Qf3 Rxe5 29. Ng6+ fxg6 30. Qxf8+ Kh7 31. Rc4 Qxb2 32. a3 Re1+ 33. Kh2 Qe5+ 34. f4 Qe3 35. Qc5 Qxc5 36. Rxc5 Kg8 37. Ra5 a6 38. Kg3 Kf7 39. Kg4 Re4 40. Kg5 Rd4 41. Kg4 Rc4 42. h4 c5 43. h5 gxh5+ 44. Kxh5 Kf6 45. g4 e5 46. g5+ Kf7 47. f5 e4 48. Kg4 Ke7 49. Kf4 Kd6 50. g6 Ke7 0-1

[Event "Tianjin Binhai Cup-A 3rd"]
[Site "Tianjin"]
[Date "2023.08.24"]
[Round "7"]
[White "Xu, Yuze"]
[Black "Guo, Weibao"]
[Result "1/2-1/2"]
[WhiteElo "2017"]
[BlackElo "1873"]
[PlyCount "23"]
[EventDate "2023.08.20"]
[EventType "swiss"]
[EventRounds "9"]
[EventCountry "CHN"]
[SourceTitle "CBM 215 Extra"]
[Source "ChessBase"]
[SourceDate "2023.09.30"]
[SourceVersion "1"]
[SourceVersionDate "2023.09.30"]
[SourceQuality "1"]

1. e4 e5 2. Nf3 Nf6 3. d4 Nxe4 4. Bd3 d5 5. Nxe5 Nd7 6. Nxf7 Kxf7 7. Qh5+ Ke7 8. Qe2 Kf6 9. Qf3+ Ke7 10. Qe2 Kf6 11. Qf3+ Ke7 12. Qe2 1/2-1/2

[Event "Tianjin Binhai Cup-A 3rd"]
[Site "Tianjin"]
[Date "2023.08.23"]
[Round "6"]
[White "Guo, Weibao"]
[Black "Hu, Zehua"]
[Result "1/2-1/2"]
[WhiteElo "1873"]
[BlackElo "1965"]
[PlyCount "138"]
[EventDate "2023.08.20"]
[EventType "swiss"]
[EventRounds "9"]
[EventCountry "CHN"]
[SourceTitle "CBM 215 Extra"]
[Source "ChessBase"]
[SourceDate "2023.09.30"]
[SourceVersion "1"]
[SourceVersionDate "2023.09.30"]
[SourceQuality "1"]

1. d4 Nf6 2. Nf3 e6 3. c4 b6 4. g3 Bb7 5. Bg2 Be7 6. Nc3 Ne4 7. 0-0 Nxc3 8. bxc3 0-0 9. Qd3 f5 10. d5 Na6 11. Nd4 Nc5 12. Qc2 Qc8 13. Rd1 d6 14. Ba3 e5 15. Bxc5 bxc5 16. Ne6 Rf6 17. Bh3 g6 18. f3 Rxe6 19. dxe6 e4 20. f4 Bc6 21. e3 Qxe6 22. Rab1 Bf6 23. Bf1 a5 24. Rb2 a4 25. a3 Kf7 26. Rdb1 Qc8 27. Be2 Qh8 28. Rc1 h5 29. h4 Qd8 30. Qd1 Qh8 31. Qc2 Ke7 32. Rbb1 Kd7 33. Bf1 Rg8 34. Bg2 Qg7 35. Rb2 Qf7 36. Qe2 Ra8 37. Bf1 Qg7 38. Qe1 Kc8 39. Rbb1 Ra6 40. Rc2 Rb6 41. Rxb6 cxb6 42. Qb1 Kb7 43. Rb2 Qc7 44. Qc2 Qb8 45. Rb1 Qa7 46. Be2 Qa5 47. Rc1 Kc7 48. Kf2 Bd7 49. Qd2 Be6 50. Rd1 Be7 51. Qb2 Qa6 52. Rb1 Bf6 53. Qa2 Bxc3 54. Qc2 Bf6 55. Rc1 Qa5 56. Rb1 Bd7 57. Rc1 b5 58. cxb5 Bxb5 59. Qa2 Bxe2 60. Qf7+ Kb6 61. Qxf6 Qd2 62. Qd8+ Kc6 63. Qc8+ Kd5 64. Qg8+ Kc6 65. Qc8+ Kd5 66. Qg8+ Kc6 67. Qc8+ Kd5 68. Qg8+ Kc6 69. Qc8+ Kd5 1/2-1/2

[Event "Tianjin Binhai Cup-A 3rd"]
[Site "Tianjin"]
[Date "2023.08.21"]
[Round "3"]
[White "Wang, Qinxuanyi"]
[Black "Guo, Weibao"]
[Result "1/2-1/2"]
[WhiteElo "2032"]
[BlackElo "1873"]
[PlyCount "50"]
[EventDate "2023.08.20"]
[EventType "swiss"]
[EventRounds "9"]
[EventCountry "CHN"]
[SourceTitle "CBM 215 Extra"]
[Source "ChessBase"]
[SourceDate "2023.09.30"]
[SourceVersion "1"]
[SourceVersionDate "2023.09.30"]
[SourceQuality "1"]

1. d4 d5 2. c4 e6 3. Nc3 Nf6 4. cxd5 exd5 5. Bg5 c6 6. Qc2 Be7 7. e3 Nbd7 8. Bd3 Nh5 9. Bxe7 Qxe7 10. Nge2 g6 11. 0-0 0-0 12. Rfe1 Ng7 13. Ng3 Nb6 14. a3 Be6 15. b4 a5 16. Rab1 axb4 17. axb4 Rfd8 18. b5 c5 19. dxc5 Qxc5 20. Qb2 Qa3 21. Qc2 Qc5 22. Qb2 Qa3 23. Qc2 Qc5 24. Qb2 Qa3 25. Qc2 Qc5 1/2-1/2

[Event "CHN-chT (Women)"]
[Site "Hangzhou"]
[Date "2023.05.24"]
[Round "6.3"]
[White "Guo, Weibao"]
[Black "Wang, Xiyue"]
[Result "1/2-1/2"]
[WhiteElo "1894"]
[BlackElo "1624"]
[PlyCount "64"]
[EventDate "2023.05.19"]
[EventType "team-swiss"]
[EventRounds "9"]
[EventCountry "CHN"]
[SourceTitle "CBM 214 Extra"]
[Source "ChessBase"]
[SourceDate "2023.07.31"]
[SourceVersion "1"]
[SourceVersionDate "2023.07.31"]
[SourceQuality "1"]
[WhiteTeam "Beijing (W)"]
[BlackTeam "Jiangsu (W)"]
[WhiteTeamCountry "CHN"]
[BlackTeamCountry "CHN"]

1. d4 f5 2. c4 e6 3. Nf3 Nf6 4. g3 d5 5. Bg2 c6 6. 0-0 Bd6 7. b3 Qe7 8. Bb2 0-0 9. Nbd2 b6 10. Ne5 Bb7 11. Rc1 Ne4 12. f3 Nxd2 13. Qxd2 Bxe5 14. dxe5 dxc4 15. Rxc4 c5 16. Rd1 Nc6 17. Rcc1 Rad8 18. Qe1 Rxd1 19. Rxd1 Rd8 20. Rd2 Rxd2 21. Qxd2 Qd8 22. Qxd8+ Nxd8 23. Kf2 Kf7 24. Ke3 Ke7 25. h4 h6 26. Kd2 g5 27. hxg5 hxg5 28. e4 fxe4 29. fxe4 Ba6 30. Bf3 Nc6 31. Ke3 Nb4 32. a3 Nc6 1/2-1/2